| 000 | 00642nam a2200181 i 4500 | ||
|---|---|---|---|
| 001 | 67084 | ||
| 003 | ES-MaACL | ||
| 005 | 20230906165943.0 | ||
| 007 | t| | ||
| 008 | 040504s2003 sp |||| | spa d | ||
| 080 | _a347.965(460)"18/19"(083.824) | ||
| 245 | 0 | 3 |
_aEl siglo de oro de la abogacía española, 1838-1936 _b: proyecto de exposición, Salamanca, 18 de septiembre a 5 de octubre, Sala de Exposiciones de San Eloy : informe provisional. |
| 260 |
_a[Salamanca? : _bs.n.], _c2003. |
||
| 300 |
_a51 p. ; _c30 cm. |
||
| 500 | _aEjemplar no impreso. | ||
| 650 |
_aAbogados- _zEspaña- _vHistoria. _9167645 |
||
| 852 |
_aES-MaACL _j2166-F-25 |
||
| 999 |
_c67084 _d67084 |
||